000 01882nam a2200469Ii 4500
001 DIGPUZ0668
003 NyNyDIG
007 cr |||||||||||
008 200316s2017 sp ob 000 0 spa d
006 m o d
035 _a(OCoLC)1145695036
040 _aDGITA
_beng
_erda
_epn
_cDGITA
020 _a9788416935444
_q(eBook ;
_qpdf)
020 _a8416935440
_q(eBook ;
_qpdf)
020 _z9788416933389
020 _z8416933383
050 1 4 _aPQ6641.A47 ebook
082 0 4 _a868.62
100 1 _aLavaud, Jean-Marie,
_eauthor.
245 1 0 _aRapsodia valleinclaniana :
_bescritura narrativa y escritura teatral /
_cJean-Marie Lavaud y Éliane Lavaud-Fage.
250 _a1a edición.
264 1 _aZaragoza, España :
_bPrensas de la Universidad de Zaragoza,
_c2017.
300 _a1 online resource.
336 _atext
_btxt
_2rdacontent
337 _acomputer
_bc
_2rdamedia
338 _aonline resource
_bcr
_2rdacarrier
347 _atext file
_2rdaft
347 _bPDF
490 1 _aColección Humanidades ;
_vno. 128
504 _aIncludes bibliographical references.
588 0 _aOnline resource; title from PDF title page (Digitalia, viewed March 16, 2020)
600 1 0 _aValle-Inclán, Ramón del,
_d1866-1936
_xCriticism and interpretation.
655 0 _aElectronic books.
700 1 _aLavaud, Eliane,
_eauthor.
791 2 _aDigitalia (Firm),
_edistributor.
793 0 _gDigitalia eBook Collection:
_aPrensas Universitarias de Zaragoza
776 0 8 _iPrint version:
_aLavaud, Jean-Marie.
_tRapsodia valleinclaniana.
_b1a edición.
_dZaragoza, España : Prensas de la Universidad de Zaragoza, 2017
_z9788416933389
_w(DLC) 2017399419
_w(OCoLC)1003389938
830 0 _aHumanidades (Zaragoza, Spain) ;
_v128.
856 4 0 _3Digitalia Hispánica
_uhttps://www.digitaliapublishing.com/a/59267/
910 _aPremium collection: 2020
942 _cRAA
999 _c256132
_d256132